• 首页
  • 本馆介绍
  • 公告通知
  • 最新文献
  • 馆藏检索
  • 电子资源
  • 读者导购
  • 参考咨询
  • 我的图书馆
  • 登录
  • 详细信息显示
  • 放入我的书架
  • 预约/预借图书
  • 作者相关作品
  • 分类相关作品
  • 丛书相关作品
  • 出版社相关作品

书目信息

  • 表格格式
  • 工作单格式
  • 卡片格式
题名:
论生活艺术和真实
    
 
作者: 萧殷
分册:  
出版信息: 北京   人民文学出版社  29252
页数: 281页
开本: 20cm
丛书名:
单 册:
中图分类: I056 , I04
科图分类:
主题词: 文学创作--写作学 , 文学创作--创作方法
电子资源:
ISBN:
000 00548nam0 2200205 450
001 1552014165
005 20150124142727.46
010    @dCNY0.80
100    @a20070819d km y0chiy0120 ea
101 0  @achi
200 1  @a论生活艺术和真实@Alun sheng huo yi shu he zhen shi@f萧殷@Fxiao yin
210    @a北京@c人民文学出版社@d29252
215    @a281页@d20cm
606 0  @a文学创作@x写作学
606 0  @a文学创作@x创作方法
690    @aI056@v3
690    @aI04@v4
701  0 @a萧殷@Axiao yin
801  0 @aCN@bPFT@c20070819
905    @a213230@dI04@eJY35@f1
    
    论生活艺术和真实/萧殷.-北京:人民文学出版社,29252
    281页;20cm
    
    
    ISBN :CNY0.80
    
●
相关链接 在E读中查询图书 在五车中查询图书 在当当中查询图书 在豆瓣中查询图书


正题名:论生活艺术和真实     索取号:I04/JY35         预约/预借

序号 登录号 条形码 馆藏地/架位号 状态 备注
1 7842605   278426053   学院路分馆/ [索取号:I04/JY35] 在馆    
唐山师范学院图书馆 欢迎您!
大连网信软件有限公司© 版权所有